Szczegóły MARC21

Aspects of English syllable structure /

003 -Nazwa inst., której nr kontr. jest w polu 001 [,]
    • @
    • Nazwa instytucji, której n kontrolny jest w polu 001
    • NUKAT
005 -DATA I CZAS OSTATNIEJ MODYFIKACJI [,]
    • @
    • pole kontrolne
    • 20241231111707.0
040 -Instytucja sporządzająca opis [ , ]
    • a
    • Instytucja, która sporządziła opis (NP)
    • KR 119/IK
    • c
    • Instytucja, która sporządziła rekord (NP)
    • KR 119/IK
    • d
    • Instytucja, która zmodyfikowała rekord (P)
    • KR 119/DW
    • d
    • Instytucja, która zmodyfikowała rekord (P)
    • KR 119/IKs
    • d
    • Instytucja, która zmodyfikowała rekord (P)
    • LUBL U/gd
041 -Język dokumentu [0, ]
    • a
    • Język tekstu (P)
    • angielski
    • b
    • Język streszczeń lub abstraktu (P)
    • polski
942 -Rodzaj dokumentu [ , ]
    • c
    • Rodzaj dokumentu
    • Książka
100 -Hasło główne - nazwa osobowa [1, ]
    • a
    • Nazwa osobowa (NP)
    • Cygan, Jan
    • d
    • Daty biograficzne (NP)
    • (1927-2021).
    • 9
    • KHW
    • 232755
245 -Strefa tytułu i oznaczenia odpowiedzialności [1,0]
    • a
    • Tytuł
    • Aspects of English syllable structure / Find
    • c
    • Pozostałe elementy strefy tytułu i oznaczenia odpowiedzialności (NP)
    • Jan Cygan.
260 -Strefa adresu wydawniczego [ , ]
    • a
    • Miejsce wydania (P)
    • Wrocław :
    • b
    • Nazwa wydawcy (P)
    • Zakład Narodowy im. Ossolińskich - Wydaw.,
    • c
    • Data wydania (P)
    • 1971.
300 -Strefa opisu fizycznego [ , ]
    • a
    • Określenie formy książki i/lub objętość (NP)
    • 145 s. ;
    • c
    • Format (NP)
    • 21 cm.
336 -Typ zawartości [ , ]
    • a
    • Termin opisujący typ zawartości
    • Tekst
    • b
    • Kod określający zawartość
    • txt
    • 2
    • Źródło (terminu i kodu)
    • rdacontent
337 -Typ mediów [ , ]
    • a
    • Tryb odtwarzania
    • Bez urządzenia pośredniczącego
    • b
    • Kod typu mediów
    • n
    • 2
    • Źródło (terminu i kodu)
    • rdamedia
338 -Typ/rodzaj nośnika [ , ]
    • a
    • Hasło opisujące typ nośnika
    • Wolumin
    • b
    • Kod typu nośnika
    • nc
    • 2
    • Źródło (terminu i kodu)
    • rdacarrier
490 -Strefa serii i książki wielotomowej - forma nie do wyszukiwania [1, ]
    • a
    • Tytuł (P)
    • Prace Wrocławskiego Towarzystwa Naukowego. Seria A, Find
    • v
    • Numeracja (P)
    • nr 147
830 -Hasło dodatkowe serii i opisu książki wielotomowej - tytuł ujednolicony/tytuł [ ,0]
    • a
    • Tytuł ujednolicony/tytuł (NP)
    • Prace Wrocławskiego Towarzystwa Naukowego.
    • n
    • Oznaczenie części/podserii/sekcji (P)
    • Seria A
    • x
    • ISSN
    • 0084-3016
    • v
    • Oznaczenie tomu (NP)
    • nr 147
    • 9
    • KHW
    • 1816
504 -Uwaga dot. bibliogr. załącznikowej [ , ]
    • a
    • Uwaga dot. bibliografii załącznikowej
    • Bibliogr. s. [132]-136.
546 -Uwaga dot. języka [ , ]
    • a
    • Uwaga dot. języka
    • Streszcz. pol.
650 -Hasło przedmiotowe [ ,7]
    • a
    • Hasło przedmiotowe
    • Język angielski
    • x
    • Określnik rzeczowy
    • sylabizowanie.
    • 2
    • Źródło terminu
    • kaba
    • 9
    • KHW
    • 417150
Sygnatura Status udost. Numer inwentarzowy Lokalizacja Uwagi nie widoczne w OPAC
 1Z.3299BG 
ANG. Fonetyka i fonologia 121W.7038BMdepozyt BM